000 01325nam a2200325 i 4500
003 EG-GICUC
005 20260121101333.0
008 251123s1997 ua ||||fr|||| 001 0 ara d
017 _a1996/3606
040 _a EG-GICUC
_bara
_c EG-GICUC
_d EG-GICUC
_erda
041 _aara
082 0 4 _a343.4
_bم ع . و
_221
092 0 4 _221
099 _aLaw1 10 343.4 م ع . و 3 ed - 1997 1006164
100 0 _aمعوض عبد التواب.
_eمؤلف.
245 1 2 _aالوسيط في شرح جرائم الغش والتدليس وتقليد العلامات التجارية من الناحيتين الجنائية والمدنية /
_cالمستشار معوض عبد التواب.
250 _aالطبعة الثالثة،
_bمزيدة ومنقحة
264 1 _aالإسكندرية، مصر :
_bمنشأة المعارف،
_c1997.
300 _a499 صفحة ؛
_c24 سم.
336 _2rda content
_atext
337 _2rda media
_aComputer
338 _2rda carrier
_aOnline Resource
504 _aيشتمل على ارجاعات ببليوجرافية.
546 _aالنص باللغة العربية
650 1 _aالتشريعات الجنائية الخاصة.
_2qrmak
651 1 _2qrmak
856 4 0 _uhttps://fll.law.cu.edu.eg/fulltext/bks/B10-06164.pdf
905 _a18
942 _2ddc
_n0
_cBK
_e21
999 _c45404
_d45404